Detalles MARC
| 000 -LIDER |
| fixed length control field |
01037nam a2200361 i 4500 |
| 001 - NÚMERO DE CONTROL |
| Identificador de número de control |
0060435 |
| 003 - IDENTIFICACDOR DE NÚMERO DE CONTROL |
| control field |
DO-SdBNP |
| 005 - DATE AND TIME OF LATEST TRANSACTION |
| control field |
20180214111012.0 |
| 007 - CAMPOS FIJOS DE DESCRIPCIÓN FÍSICA |
| fixed length control field |
0060435 |
| 008 - ELEMENTOS DE LONGITUD FIJA |
| fixed length control field |
891205s1998 sp spa |
| 015 ## - NÚMERO DENTRO DE LA BIBLIOGRAFÍA NACIONAL |
| National bibliography number |
|
| 016 7# - NO. DE CONTROL DE LA AGENCIA BIB. NACIONAL |
| Record control number |
|
| Canceled/invalid record control number |
|
| Source |
BPMSU |
| 017 ## - NÚMERO DE REGISTRO DE DERECHOS DE AUTOR |
| Copyright or legal deposit number |
|
| Assigning agency |
|
| 020 ## - ISBN |
| International Standard Book Number |
8420733776 |
| 040 ## - FUENTE DE CATALOGACIÓN |
| Agencia que crea de manera original el registro |
BPMSU |
| Idioma de catalogación |
spa |
| Agencia que realiza la transcripción |
BPMSU |
| Convenciones de la despripción |
|
| 080 ## - NÚMERO DE CLASIFICACIÓN DECIMAL UNIVERSAL |
| Universal Decimal Classification number |
|
| 082 #4 - NÚMERO DE CLASIFICACIÓN DECIMAL DE DEWEY |
| Classification number |
823.91 |
| Item number |
W516c |
| 100 1# - ASIENTO PRINCIPAL -- NOMBRE PERSONAL |
| Nombre personal |
West, Colin |
| Fechas asociadas con el nombre |
1939- |
| 240 ## - TITULO UNIFORME |
| Título uniforme |
The king of kennelwick castle. |
| 245 13 - MENCIÓN DE TITULO |
| Título |
El castillo del rey Sisebuto / |
| Medio (Designación general de material) |
|
| Mención de responsabilidad |
Colin West ; ilustraciones de Ann Dalton ; traducción, Juan Manuel Ibeas |
| 250 ## - MENCIÓN DE EDICION |
| Mención de edición |
5a. ed. |
| 260 1# - PUBLICACIÓN, DISTRIBUCIÓN, ETC. (PIE DE IMPRENTA) |
| Lugar de publicación, distribución, etc |
Madrid : |
| Nombre del editor, distribuidor, etc. |
Anaya, |
| Fecha de publicación, distribución, etc |
1998 |
| 300 ## - DESCRIPCIÓN FÍSICA |
| Extensión |
[24] p.: |
| Otros detalles físicos |
il. ; |
| Dimensiones |
24 cm |
| 490 ## - MENCIÓN DE SERIES |
| Mención de serie |
Fácil de leer |
| 650 ## - ENCABEZAMIENTO DE MATERIA--TEMÁTICO |
| Término temático o nombre geográfico como elemento de entrada |
CUNETOS INFANTILES INGLESES |
| 650 ## - ENCABEZAMIENTO DE MATERIA--TEMÁTICO |
| Término temático o nombre geográfico como elemento de entrada |
LITERATURA INFANTIL INGLESA |
| 700 1# - ASIENTO SECUNDARIO -- NOMBRE PERSONAL |
| Nombre personal |
Dalton, Anne |
| Mención de responsabilidad |
il. |
| 700 1# - ASIENTO SECUNDARIO -- NOMBRE PERSONAL |
| Nombre personal |
Ibeas Delgado, Juan Manuel |
| Mención de responsabilidad |
tr. |
| 830 ## - ASIENTO SECUNDARIO DE SERIE--TÍTULO UNIFORME |
| Título uniforme |
Fácil de leer |
| 942 ## - ADDED ENTRY ELEMENTS (KOHA) |
| Source of classification or shelving scheme |
Dewey Decimal Classification |
| Koha item type |
Libros |
| 945 ## - INFORMACIÓN DE PROCESAMIENTO LOCAL |
| Información de procesamiento local |
Inventariado, 2018/MFF |
| 956 ## - LOCAL ELECTRONIC LOCATION AND ACCESS (OCLC) |
| Nombre de host |
VMATEO |
| Número de acceso |
10 |
| Información de compresión |
20161206 |
| Trayectoria |
BPMSU |
| Nombre Electrónico |
0069 |